[Event "Bucaramanga Santander-ch"]
[Site "Bucaramanga"]
[Date "2023.04.02"]
[Round "7"]
[White "Roa Roa, Gerson Stiven"]
[Black "Rodriguez Munoz, Luis Hernando"]
[Result "1-0"]
[WhiteElo "1600"]
[BlackElo "1164"]
[PlyCount "83"]
[EventDate "2023.03.31"]
[EventType "swiss"]
[EventRounds "7"]
[EventCountry "COL"]
[SourceTitle "CBM 213 Extra"]
[Source "ChessBase"]
[SourceDate "2023.05.31"]
[SourceVersion "1"]
[SourceVersionDate "2023.05.31"]
[SourceQuality "1"]

1. d4 Nf6 2. Nf3 d6 3. e3 g6 4. Be2 Bg7 5. 0-0 0-0 6. c4 c5 7. Nc3 Nc6 8. d5 Na5 9. e4 e5 10. a3 b6 11. b4 Nb7 12. h3 cxb4 13. axb4 a5 14. Be3 Nd7 15. Nd2 Qe7 16. Nb5 Nf6 17. Bxb6 Ra6 18. Be3 h5 19. Nc3 Bd7 20. c5 Ra7 21. c6 Bxh3 22. Bxa7 Bxg2 23. Kxg2 Nd8 24. Rxa5 h4 25. Rh1 g5 26. Be3 Ne8 27. Ra7 Nc7 28. Nb5 f6 29. Rxc7 Qe8 30. Bh5 Rf7 31. Nxd6 Qf8 32. Bxf7+ Nxf7 33. Nxf7 Bh6 34. Qh5 Bg7 35. Bc5 Qb8 36. Nh6+ Kh8 37. Nf5+ Kg8 38. Qh7+ Kxh7 39. Rxg7+ Kh8 40. Ra1 h3+ 41. Kg3 Qb5 42. Ra8+ 1-0

[Event "Bucaramanga Santander-ch"]
[Site "Bucaramanga"]
[Date "2023.04.01"]
[Round "4"]
[White "Gonzalez Suarez, Nelson"]
[Black "Roa Roa, Gerson Stiven"]
[Result "0-1"]
[WhiteElo "1460"]
[BlackElo "1600"]
[PlyCount "45"]
[EventDate "2023.03.31"]
[EventType "swiss"]
[EventRounds "7"]
[EventCountry "COL"]
[SourceTitle "CBM 213 Extra"]
[Source "ChessBase"]
[SourceDate "2023.05.31"]
[SourceVersion "1"]
[SourceVersionDate "2023.05.31"]
[SourceQuality "1"]

1. d4 d5 2. Bf4 c5 3. Bxb8 Rxb8 4. e3 c4 5. Nf3 Nf6 6. Nc3 e6 7. Be2 Be7 8. 0-0 0-0 9. Ne5 Nd7 10. f4 f6 11. Nxd7 Bxd7 12. Bg4 f5 13. Bh3 Rf6 14. Qh5 b5 15. Ne2 Be8 16. Qf3 Rh6 17. Ng3 Bg6 18. b3 c3 19. a3 b4 20. Qe2 Qd7 21. a4 Be8 22. Qa6 Qc7 23. Qe2 0-1